Quizzes
Events
Quiz Creation
Community
Videos
Private Events
Remove Ads
Sign In
Join for FREE
Feedback
Dark Mode
Quiz Categories
Sports
Geography
Music
Movies
Television
Just For Fun
Miscellaneous
History
Literature
Language
Science
Gaming
Entertainment
Religion
Holiday
For Kids
Quiz Lab
Recent
Popular Today
Quiz Kudos Today
Editor Picks
Curator Picks
Quizzes by...
Day
Popularity
Type
Ratings
Length
Year
Community
Subscriptions
Recent Discussions
Orange Saloon
Badges
Playlists
Quests
Create
Leaderboards
Showdown
Live 5
Trivia Bingo
Activity
Puzzle Library
Sporcle Events
Private Events
Virtual Trivia
Globe League
Become a Host
Pub Owners
SporcleCon
Opinionation
Our Games
Videos
Blog
Mobile Apps
Partnerships
Remove Ads and Go Orange
Feedback
Sports
Athletes
MLB
NBA
NHL
NFL
Soccer
Sports Teams
WWE
NCAA
Football
Premier League
Basketball
Baseball
Hockey
Golf
Tennis
Cricket
Rugby
Auto Racing
Olympics
World Cup
Sports
Athletes
MLB
NBA
NHL
NFL
Soccer
Sports Teams
WWE
NCAA
Football
Premier League
Basketball
Baseball
Hockey
Golf
Tennis
Cricket
Rugby
Auto Racing
Olympics
World Cup
Random Quiz
Search Sporcle
×
Quiz Lab
Quiz Lab
Sports
Premier League
Type in answers that appear in a list
Type in answers that appear in a list
Classic
Best Score? Go Orange.
Didier Drogba's Goals for Chelsea Stats
Can you name the Teams that Didier Drogba has Scored Against for Chelsea?
By
CFCJoseph
10m
164 Questions
971 Plays
971 Plays
971 Plays
Comments
Comments
Give Quiz Kudos
Give Quiz Kudos
-
- Ratings
hide this ad
Replay
Link that replays current quiz
Next Quiz
Link to next quiz in quiz playlist
You Got
0%
They Got
Avg Score
72%
Avg Friend Score
Upgrade to see
Score Distribution
Jump to the score distribution portion of the page
Score
0/164
Timer
10:00
0
Plays Today
Team
% Correct
Manchester United
99.1%
Manchester United
99.1%
Manchester United
99.1%
Arsenal
98.1%
Arsenal
98.1%
Arsenal
98.1%
Arsenal
98.1%
Arsenal
98.1%
Arsenal
98.1%
Arsenal
98.1%
Arsenal
98.1%
Arsenal
98.1%
Arsenal
98.1%
Arsenal
98.1%
Arsenal
98.1%
Arsenal
98.1%
Liverpool
95.7%
Liverpool
95.7%
Liverpool
95.7%
Liverpool
95.7%
Liverpool
95.7%
Liverpool
95.7%
Liverpool
95.7%
Liverpool
95.7%
Manchester City
95.5%
Manchester City
95.5%
Manchester City
95.5%
Manchester City
95.5%
Manchester City
95.5%
Liverpool
95.3%
Manchester United
94.7%
Barcelona
93.5%
Barcelona
93.5%
Barcelona
93.5%
Tottenham Hotspur
92%
Tottenham Hotspur
92%
Tottenham Hotspur
92%
Tottenham Hotspur
92%
Everton
91.7%
Everton
91.7%
Everton
91.7%
Everton
91.7%
Everton
91.7%
Everton
91.7%
Everton
91.7%
Everton
91.7%
Tottenham Hotspur
91.5%
Newcastle United
89.5%
Aston Villa
88.4%
Aston Villa
88.4%
Aston Villa
88.4%
Aston Villa
88.4%
Aston Villa
88.4%
Aston Villa
88.4%
Newcastle United
87.4%
Team
% Correct
Newcastle United
87.4%
Newcastle United
87.4%
Newcastle United
87.4%
West Ham United
84.6%
West Ham United
84.6%
West Ham United
84.6%
West Ham United
84.6%
West Ham United
84.6%
Tottenham Hotspur
84.2%
Leicester City
84.2%
Sunderland
83.4%
West Bromwich Albion
83.3%
West Bromwich Albion
83.3%
West Bromwich Albion
83.3%
West Bromwich Albion
83.3%
West Bromwich Albion
83.3%
West Bromwich Albion
83.3%
West Bromwich Albion
83.3%
West Bromwich Albion
83.3%
Fulham
82.1%
Fulham
82.1%
Fulham
82.1%
Fulham
82.1%
Bayer Leverkusen
81.7%
Bolton Wanderers
79.6%
Bolton Wanderers
79.6%
Bolton Wanderers
79.6%
Bolton Wanderers
79.6%
Bolton Wanderers
79.6%
Bolton Wanderers
79.6%
Bolton Wanderers
79.6%
Wigan Athletic
79.3%
Wigan Athletic
79.3%
Wigan Athletic
79.3%
Wigan Athletic
79.3%
Wigan Athletic
79.3%
Blackburn Rovers
78.8%
Blackburn Rovers
78.8%
Blackburn Rovers
78.8%
Blackburn Rovers
78.8%
Blackburn Rovers
78.8%
Blackburn Rovers
78.8%
Stoke City
78.3%
Portsmouth
78.1%
Portsmouth
78.1%
Portsmouth
78.1%
Portsmouth
78.1%
Portsmouth
78.1%
Portsmouth
78.1%
Portsmouth
78.1%
Bolton Wanderers
78%
Stoke City
77.8%
Stoke City
77.8%
Stoke City
77.8%
Norwich City
74.3%
Team
% Correct
Norwich City
74.3%
Birmingham City
71.8%
Bayern Munich
71.3%
Bayern Munich
71.3%
Valencia
70.4%
Valencia
70.4%
Valencia
70.4%
Valencia
70.4%
Swansea City
70%
Wolverhampton Wanderers
69.6%
Wolverhampton Wanderers
69.6%
Hull City
69.5%
Hull City
69.5%
Hull City
69.5%
Crystal Palace
65.4%
Middlesbrough
64.6%
Middlesbrough
64.6%
Middlesbrough
64.6%
Middlesbrough
64.6%
Middlesbrough
64.6%
Middlesbrough
64.6%
Burnley
64.2%
Napoli
62.2%
Porto
61.5%
Juventus
61.1%
Juventus
61.1%
Charlton Athletic
60.1%
Reading
58.5%
Reading
58.5%
Reading
58.5%
Paris Saint Germain
58.2%
Paris Saint Germain
58.2%
Watford
56.8%
Watford
56.8%
Watford
56.8%
Bayern Munich
52.6%
Cardiff City
50.6%
Atletico Madrid
49.3%
Atletico Madrid
49.3%
Schalke
40.9%
FC Schalke 04
36.8%
Nottingham Forest
32.4%
Coventry City
32.2%
Spartak Moscow
23.7%
Rosenborg
23.6%
Rosenborg
23.6%
Real Betis
21.6%
CFR Cluj
21.3%
NK Maribor
21.1%
Levski Sofia
20.4%
Levski Sofia
20.4%
Levski Sofia
20.4%
APOEL Nicosia
19.9%
Shrewsbury Town
10.5%
Quiz Playlist
Details
Report
Send in Message
Add To Playlist
Classic:
Type in answers that appear in a list
Quiz Source
Last Updated: Aug 12, 2022
Quiz Scoreboard
CHALLENGE
Sign Up to Join the Scoreboard
Show All
Scores
Hide
Comments
May contain spoilers
Recently Published
Billboard Blitz: Fleetwood Mac
by CooCooCachoo
Music
15s
Presidents Visiting Landmarks
by Hejman
History
7m
An Introduction to Baseball
by treessimontrees
Sports
5m
More to Explore
Quiz From the Vault
Featured Blog Post
Where Did the Easter Bunny Come From?
hide this ad
You Might Also Like...
Tags
Premier League Quiz
Soccer Quiz
Chelsea
UEFA Champions' League
Today's Top Quizzes in Sports
Browse Sports
hide this ad
Today's Top Quizzes in Premier League
Browse Premier League
Top Contributed Quizzes in Sports
1
Les meilleurs buteurs des matchs entre le PSG et l’OM
2
2022 World Cup Stars
3
FIFA Club World Cup Champions
4
Les entraîneurs de l'OM et du PSG au 21e siècle
5
Criteria MLB: Left Handed Sluggers
6
Name the Premier League winners with different clubs
7
5-to-1: UK Sports Teams
8
AFC Teams Reveal (Wrong Answers Minefield)
9
Players with Multiple 50 Home Run Seasons
10
5-to-1: FBS Animal Nicknames
Explore More
Trending Topics
Anime
Crossword
Disney
Harry Potter
Marvel
NBA
Kpop
Pokémon
WWE
Country
Song
NFL
The Office
Puzzle
Soccer
hide this ad
More By:
CFCJoseph
Quiz
Plays
Rating
Category
Featured
Created
Didier Drogba's Goals for Chelsea
971
4.00
Sports
Jan 27, 2012
Top 10 Movies Per Decade According to WatchMojo.com
968
3.00
Movies
Apr 19, 2014
England Managers 1st Starting Line-Ups
957
4.17
Sports
Nov 7, 2011
England Players During Euro 2012 Qualifiers
906
4.00
Sports
Oct 8, 2011
Chelsea Players in England Squads
901
5.00
Sports
Feb 17, 2012
Go to Creator's Profile
Score Distribution
Quiz Creator Spotlight
CFCJoseph
Follow
Send a Message
Quizzes Created
-
Created Quiz Play Count
-
More By This Creator
Popular Quizzes Today
1
Find the US States - No Outlines Minefield
2
Find the Countries of Europe - No Outlines Minefield
3
The Countries of the World
4
Find the US States
5
Risky Map Clicking: Biggest States A-Z
6
US States
7
Popular People in 1961
8
Movies - When Are They Set?
More Sports Quizzes
Name the Starting XI of Solskjaer's final game
Quiz Lab
Trending Quizzes
Risky Map Clicking: Least Populous States A-Z
1-10 Letter G Words
1-10 Letter F Words
Risky Map Clicking: Next State Alphabetically
Risky Map Clicking: Biggest States A-Z
Recently Updated
Leaping Animals
pecheneg
Reality TV Shows (A-Z)
bhenderson79
Rickey Henderson's Hall of Fame Teammates
pecheneg
Champions League XIs: Arsenal
pecheneg
Quick Pick: Celebrities in WWE's Hall of Fame
aduchscher
A-Z Keypad Blitz II
pecheneg
Multiple Oscar Actors
pecheneg
Mystery Phrase Blitz: Oscar 'Best Actors'
pecheneg
F. Scott Fitzgerald Novels
LTH
Pick 3 Villains
ddd62291
Trending Topics
Harry Potter
NBA
Kpop
Marvel
Anime
Crossword
Disney
NFL
Puzzle
Song
The Office
Pokémon
WWE
Country
Soccer
Your Account Isn't Verified!
In order to create a playlist on Sporcle, you need to verify the email address you used during registration. Go to your
Sporcle Settings
to finish the process.
Report this User
Report this user for behavior that violates our
Community Guidelines
.
Details:
Send Report
Go to the Sporcle.com Mobile Site →
Comments